<?xml version='1.0' encoding='UTF-8'?>
  <record xmlns="http://www.loc.gov/MARC21/slim">
    <leader>00000ccs a2200000 i 4500</leader>
    <controlfield tag="001">ocn149605838</controlfield>
    <controlfield tag="003">OCoLC</controlfield>
    <controlfield tag="005">20260203150828.4</controlfield>
    <controlfield tag="006">smr m       0    0</controlfield>
    <controlfield tag="008">871118e17511752ne uuuu        n  u dut d</controlfield>
    <datafield tag="040" ind1=" " ind2=" ">
      <subfield code="a">NLGGC</subfield>
      <subfield code="b">dut</subfield>
      <subfield code="e">fobidrtb</subfield>
      <subfield code="c">NLGGC</subfield>
      <subfield code="d">OCLCO</subfield>
      <subfield code="d">OCLCL</subfield>
      <subfield code="d">OCLCQ</subfield>
    </datafield>
    <datafield tag="029" ind1="0" ind2=" ">
      <subfield code="a">NLGGC</subfield>
      <subfield code="b">042851262</subfield>
    </datafield>
    <datafield tag="035" ind1=" " ind2=" ">
      <subfield code="a">(OCoLC)149605838</subfield>
    </datafield>
    <datafield tag="084" ind1=" " ind2=" ">
      <subfield code="a">24.86</subfield>
      <subfield code="2">bcl</subfield>
    </datafield>
    <datafield tag="245" ind1="0" ind2="0">
      <subfield code="a">Maendelijks musikaels tydverdrijf; bestaende in nieuwe Hollandsche Canzonetten, of Zang-liederen op d'Italiaensche trant in 't musiek gebragt: met een basso continuo, meede zeer bekwaem op de clave-cimbael, viool, dwars-fluit, hoböe en andere instrumenten gespeelt te worden /</subfield>
      <subfield code="c">gecomponeert door A. Mahaut, en in digtmaat door K. Elzevier.</subfield>
    </datafield>
    <datafield tag="246" ind1="3" ind2=" ">
      <subfield code="a">Vervolg van het musikaels tydverdryf bestaande in drie stukjes op de italiaansche trant in 't muzyk gebragt voor de basso continuo en andere instrumenten</subfield>
    </datafield>
    <datafield tag="246" ind1="3" ind2=" ">
      <subfield code="a">Vervolg van het musicaels tydverdryf</subfield>
    </datafield>
    <datafield tag="246" ind1="3" ind2=" ">
      <subfield code="a">Maendelijks musikaals tydverdrijf</subfield>
    </datafield>
    <datafield tag="260" ind1=" " ind2=" ">
      <subfield code="a">'t Amsterdam :</subfield>
      <subfield code="b">by A. Olofsen,</subfield>
      <subfield code="c">[1751-1752]</subfield>
    </datafield>
    <datafield tag="300" ind1=" " ind2=" ">
      <subfield code="c">in-4.</subfield>
    </datafield>
    <datafield tag="310" ind1=" " ind2=" ">
      <subfield code="a">Verschijnt 1x per maand</subfield>
    </datafield>
    <datafield tag="336" ind1=" " ind2=" ">
      <subfield code="a">muzieknotatie</subfield>
      <subfield code="b">ntm</subfield>
      <subfield code="2">rdacontent/dut</subfield>
    </datafield>
    <datafield tag="337" ind1=" " ind2=" ">
      <subfield code="a">zonder medium</subfield>
      <subfield code="b">n</subfield>
      <subfield code="2">rdamedia/dut</subfield>
    </datafield>
    <datafield tag="338" ind1=" " ind2=" ">
      <subfield code="a">band</subfield>
      <subfield code="b">nc</subfield>
      <subfield code="2">rdacarrier/dut</subfield>
    </datafield>
    <datafield tag="362" ind1="0" ind2=" ">
      <subfield code="a">Oct. (1751)-Juny (1752) ; [N.s.] 1e stukje - 3e stukje.</subfield>
    </datafield>
    <datafield tag="500" ind1=" " ind2=" ">
      <subfield code="a">Met register.</subfield>
    </datafield>
    <datafield tag="500" ind1=" " ind2=" ">
      <subfield code="a">Geheel gegraveerd.</subfield>
    </datafield>
    <datafield tag="500" ind1=" " ind2=" ">
      <subfield code="a">N.S. 1-3 ook o.d.t.: Vervolg van het musikaels tydverdryf bestaande in drie stukjes op de Italiaansche trant in 't muzyk gebragt voor de basso continuo en andere instrumenten + / door Jacob Wilhelm Lustig. en: Vervolg van het musicaels tydverdryf.</subfield>
    </datafield>
    <datafield tag="510" ind1="0" ind2=" ">
      <subfield code="a">RISM M 149</subfield>
    </datafield>
    <datafield tag="510" ind1="0" ind2=" ">
      <subfield code="a">Scheurleer (Liedb.) I,</subfield>
      <subfield code="c">p.212</subfield>
    </datafield>
    <datafield tag="650" ind1="1" ind2="7">
      <subfield code="a">Liederenbundels.</subfield>
      <subfield code="2">gtt</subfield>
      <subfield code="0">(NL-LeOCL)07857529X</subfield>
    </datafield>
    <datafield tag="700" ind1="1" ind2=" ">
      <subfield code="a">Mahaut, Antoine,</subfield>
      <subfield code="d">ca. 1720-ca. 1785.</subfield>
      <subfield code="1">https://id.oclc.org/worldcat/entity/E39PBJB4ddp7V8Xvjhq4BkfDv3</subfield>
    </datafield>
    <datafield tag="700" ind1="1" ind2=" ">
      <subfield code="a">Elzevier, Kornelis,</subfield>
      <subfield code="d">1717-1761.</subfield>
      <subfield code="1">https://id.oclc.org/worldcat/entity/E39PBJvmQqTygQr4kymXg6Hgrq</subfield>
    </datafield>
    <datafield tag="700" ind1="1" ind2=" ">
      <subfield code="a">Lustig, Jacob Wilhelm</subfield>
      <subfield code="q">(Jacques Guillaume),</subfield>
      <subfield code="d">1706-1796.</subfield>
      <subfield code="1">https://id.oclc.org/worldcat/entity/E39PCjKWxtXVBBr8yK69KDMFJC</subfield>
    </datafield>
    <datafield tag="710" ind1="0" ind2=" ">
      <subfield code="a">Olofsen, Arnoldus (Amsterdam)</subfield>
      <subfield code="4">prt</subfield>
      <subfield code="0">(NL-LeOCL)07713298X</subfield>
    </datafield>
    <datafield tag="776" ind1="0" ind2=" ">
      <subfield code="w">(NL-LeOCL)394007239</subfield>
    </datafield>
    <datafield tag="776" ind1="0" ind2=" ">
      <subfield code="w">(NL-LeOCL)398549400</subfield>
    </datafield>
    <datafield tag="936" ind1=" " ind2=" ">
      <subfield code="a">BATCHLOAD</subfield>
    </datafield>
  </record>